000 00687nam a2200253Ia 4500
003 OSt
005 20221006145126.0
006 a|||||r|||| 00| 0
007 ta
008 221006b |||||||| |||| 00| 0 eng d
020 _a0807110167
_c
_35.00
024 _a13,851
037 _cTextual
040 _aEASL
_cEASL
_beng
041 _2eng
_aeng
082 _aV73:191(zB).N76, M2
100 _aCRABB Cecil V
245 0 _aDoctrines of American foreign policy
260 _aLondon
_bLouisiana State University Press
_c1982
300 _a446p.
_ccm.
490 _v Oth
942 _hV73:191(zB).N76, M2
_cTEXL
_2CC
999 _c1081937
_d1081937